Skill based self-development and self-regulations (Record no. 396909)

MARC details
000 -LEADER
fixed length control field 00539 a2200205 4500
005 - DATE & TIME
control field 20260417121726.0
008 - FIXED-LENGTH DATA ELEMENTS--GENERAL INFORMATION
fixed length control field 260417b |||||||| |||| 00| 0 eng d
020 ## - ISBN
International Standard Book Number 9789392262746
Price Rs. 1850.00
040 ## - CATALOGING SOURCE
Original cataloging agency VIVEKANANDA LIBRARY
082 ## - DDC NUMBER
Classification number 158.1
Book Number B328S
100 ## - MAIN ENTRY--PERSONAL NAME
Personal name Bawa, Divya
245 ## - TITLE STATEMENT
Title Skill based self-development and self-regulations
260 ## - PUBLICATION, DISTRIBUTION, ETC. (IMPRINT)
Name of publisher, distributor, etc Book Enclave
Date of publication, distribution, etc 2023
Place of publication, distribution, etc Jaipur
300 ## - PHYSICAL DESCRIPTION
Pages vi, 251
650 ## - Subject
Subject Psychology
650 ## - Subject
Subject Self- Development
650 ## - Subject
Subject Self- Regulations
700 ## - Added Entry Personal Name
Added Entry Personal Name Suthar, Nidhi
942 ## - ADDED ENTRY ELEMENTS (KOHA)
Koha item type Books
Holdings
Withdrawn status Lost status Source of classification or shelving scheme Damaged status Not for loan Location (home branch) Sublocation or collection (holding branch) Shelving location Date acquired Koha issues (times borrowed) Koha full call number Accession No. Koha date last seen Koha item type
    Dewey Decimal Classification     VIVEKANANDA LIBRARY VIVEKANANDA LIBRARY IMSAR Library 25/02/2026   158.1 B328S 420933 25/02/2026 Books
© Designed and Maintained by Vivekananda Library, MDU Rohtak